| 000 | 00896nam a2200253Ia 4500 | ||
|---|---|---|---|
| 003 | OSt | ||
| 005 | 20220923224741.0 | ||
| 006 | a|||||r|||| 00| 0 | ||
| 007 | ta | ||
| 008 | 220922b |||||||| |||| 00| 0 hin d | ||
| 024 | _a249,526 | ||
| 037 | _cTextual | ||
| 040 |
_aARTS _cARTS _bhin |
||
| 041 |
_2hin _ahin |
||
| 082 | _aO152,1:g, L3;M2 | ||
| 100 |
_aवाजपेयी, अशोक _9156275 |
||
| 245 | 0 |
_aफ़िलहाल _b आज की कविता का एक लेखा जोखा |
|
| 246 | _aफ़ilahāla: āj kī kavitā kā ek lekhā jokhā | ||
| 260 |
_aनयी दिल्ली _b राजकमल प्रकाशन _c1982 |
||
| 300 |
_a192पृ. _ccm. |
||
| 650 |
_aहिन्दी साहित्य _9156264 |
||
| 942 |
_hO152,1:g, L3;M2 _cTEXL _2CC |
||
| 999 |
_c373412 _d373412 |
||